Famous Works by Bach - Statistics

General Stats
  • This quiz has been taken 153 times
    132 since last reset
  • The average score is 6 of 12
Answer Stats
Hint Answer % Correct
His most famous set of variations {Goldberg} Variations
82%
Organ work of uncertain authenticity {Toccata} and {Fugue} in D minor
82%
Two books of preludes and fugues in all 24 keys The Well-Tempered Clavier
78%
His best known religious work with a Latin text Mass in B minor
54%
Six unusually instrumentated works, sent to a certain margrave Brandenburg Concertos
51%
His better known setting of Jesus's death St Matthew Passion
49%
Collection of contrapuntal compositions on a theme by Frederick the Great The Musical Offering
37%
About a girl who can't get enough of her favorite drink Coffee Cantata
35%
Three of each of these for solo violin {Sonatas} and {Partitas}
32%
Six collections of baroque dances for a solo, non-keyboard instrument Cello Suites
29%
Bach's swansong with unspecified instrumentation The Art of Fugue
28%
Religious cantata with 'Zion hört die Wächter singen' Wachet auf, ruft uns die Stimme (Sleepers Wake)
17%
No matching quizzes found
Score Distribution
Percent of People with Each Score
Percentile by Number Answered
Your Score History
You have not taken this quiz since the last reset